000 00221nam a2200085Ia 4500
245 0 _aSoccer World Cup
100 _a GIFFORD, Clive New York, 2009
_980515
942 _cBK
008 210817s9999 xx 000 0 und d
999 _c282923
_d282922